Нефтегазопромысловое дело: учебно-методическое пособие

التفاصيل البيبلوغرافية
المؤلف الرئيسي: Крец В. Г. Виктор Георгиевич
مؤلف مشترك: Национальный исследовательский Томский политехнический университет (ТПУ)
مؤلفون آخرون: Шадрина А. В. Анастасия Викторовна, Шмурыгин В. А. Владимир Александрович
الملخص:В пособии приведены задания, рекомендации, методики и основные сведения об оборудовании для выполнения лабораторных работ по шахтной добыче нефти, нефтегазопромысловым трубам, технологическим ёмкостям, насосам и компрессорам, ликвидации песчаной пробки в скважине и гидравлическому разрыву пласта в скважине. Предназначено для студентов, обучающихся по направлению 130500 "Нефтегазовое дело" для выполнения лабораторных работ по дисциплине "Основы нефтегазопромыслового дела".
اللغة:الروسية
منشور في: Томск, Изд-во ТПУ, 2010
الموضوعات:
التنسيق: كتاب
KOHA link:https://koha.lib.tpu.ru/cgi-bin/koha/opac-detail.pl?biblionumber=189642

MARC

LEADER 00000nam0a2200000 4500
001 189642
005 20231222141938.0
035 |a (RuTPU)RU\TPU\book\206312 
090 |a 189642 
100 |a 20101228d2010 m y0rusy50 ca 
101 0 |a rus 
102 |a RU 
105 |a a j 001zy 
200 1 |a Нефтегазопромысловое дело  |e учебно-методическое пособие  |f В. Г Крец, А. В. Шадрина, В. А. Шмурыгин  |g Национальный исследовательский Томский политехнический университет (ТПУ) 
210 |a Томск  |c Изд-во ТПУ  |d 2010 
215 |a 50 с.  |c ил. 
320 |a Библиогр.: с. 4. 
330 |a В пособии приведены задания, рекомендации, методики и основные сведения об оборудовании для выполнения лабораторных работ по шахтной добыче нефти, нефтегазопромысловым трубам, технологическим ёмкостям, насосам и компрессорам, ликвидации песчаной пробки в скважине и гидравлическому разрыву пласта в скважине. Предназначено для студентов, обучающихся по направлению 130500 "Нефтегазовое дело" для выполнения лабораторных работ по дисциплине "Основы нефтегазопромыслового дела". 
452 1 |0 (RuTPU)RU\TPU\book\215120  |t Нефтегазопромысловое дело  |o учебно-методическое пособие  |f В. Г Крец, А. В. Шадрина, В. А. Шмурыгин  |g Национальный исследовательский Томский политехнический университет (ТПУ)  |c Томск  |n Изд-во ТПУ  |d 2010  |a Крец, Виктор Георгиевич 
606 1 |a Нефтегазодобывающая промышленность  |2 stltpush  |3 (RuTPU)RU\TPU\subj\45576  |9 64770 
610 1 |a нефтегазопромысловое дело 
610 1 |a нефть 
610 1 |a шахтная добыча 
610 1 |a нефтегазопромысловые трубопроводы 
610 1 |a трубы 
610 1 |a емкости 
610 1 |a расчет 
610 1 |a нефтяные насосы 
610 1 |a компрессоры 
610 1 |a нефтяные скважины 
610 1 |a песчаные пробки 
610 1 |a нефтяные пласты 
610 1 |a гидравлический разрыв 
610 1 |a лабораторные работы 
610 1 |a учебно-методические пособия 
610 1 |a труды учёных ТПУ 
675 |a 622.323(076.5)  |v 3 
700 1 |a Крец  |b В. Г.  |c специалист в области нефтегазового дела  |c доцент Томского политехнического университета, кандидат технических наук  |f 1942-  |g Виктор Георгиевич  |3 (RuTPU)RU\TPU\pers\26131 
701 1 |a Шадрина  |b А. В.  |c специалист в области нефтегазового дела  |c профессор Томского политехнического университета, доктор технических наук  |f 1980-  |g Анастасия Викторовна  |3 (RuTPU)RU\TPU\pers\26136  |4 070  |9 11965 
701 1 |a Шмурыгин  |b В. А.  |c специалист в области нефтегазового дела  |c доцент Томского политехнического университета  |f 1957-  |g Владимир Александрович  |3 (RuTPU)RU\TPU\pers\26137  |4 070 
712 0 2 |a Национальный исследовательский Томский политехнический университет (ТПУ)  |c (2009- )  |3 (RuTPU)RU\TPU\col\15902 
801 1 |a RU  |b 63413507  |c 20101228 
801 2 |a RU  |b 63413507  |c 20151102  |g RCR 
942 |c BK